[Event "Coria del Rio op 13th"]
[Site "Coria del Rio"]
[Date "2007.02.21"]
[Round "1"]
[White "Campora, Daniel Hugo"]
[Black "Zarandieta Lopera, Victor"]
[Result "1-0"]
[WhiteElo "2510"]
[BlackElo "1905"]
[PlyCount "42"]
[EventDate "2007.02.20"]
[EventType "swiss"]
[EventRounds "9"]
[EventCountry "ESP"]
[SourceTitle "CBM 117 Extra"]
[Source "ChessBase"]
[SourceDate "2007.05.09"]
[SourceVersion "1"]
[SourceVersionDate "2007.05.09"]
[SourceQuality "1"]

1. e4 e5 2. Nf3 Nc6 3. d4 exd4 4. Nxd4 d6 5. Nc3 Nf6 6. Bb5 Bd7 7. 0-0 Be7 8. Bxc6 bxc6 9. Qf3 0-0 10. h3 Re8 11. Rd1 Qc8 12. b3 h6 13. Bb2 Nh7 14. Nce2 Bf6 15. Rab1 Rb8 16. Qe3 Re7 17. Ng3 Be5 18. Rf1 Qe8 19. f4 Bf6 20. Nh5 Bxd4 21. Qxd4 f6 1-0